000 00878nam a22002297a 4500
001 9584
003 FISKH
005 20260123161126.0
008 260123b cb ||||| |||| 00| 0 eng d
020 _a9780241950425
040 _aFISKH
_beng
_cFISKH
_dFISKH
050 _aPS3537 .A426
082 _a813.54
100 _aSalinger , J. D.
245 _aThe Catcher in the Rye /
_bBy J. D. Salinger
260 _aLondon :
_bPenguin Books ,
_c1945 .
300 _a228 pages :
_bIllustrations ;
_c18 cm .
520 _aStory of Holden Caufield with his idiosyncrasies, penetrating insight, confusion, sensitivity and negativism. Holden, knowing he is to be expelled from school, decides to leave early. He spends three days in New York City and tells the story of what he did and suffered there.
650 _aBildungsroman
_vFiction
942 _2ddc
_cBK
_n0
999 _c9584
_d9584